000 00927na a2200265 4500
001 13443
003 MIRAKIL
005 20181213155200.0
008 161009b tu 000 0
035 _a13443
040 _aMilas
_btur
_cTR-AnCHP
082 _a303.625
_bT66b
090 _a303.625 T66b 1994
100 _aToprakoğlu, Celal
245 _aBütünleştirici-Radikalizm'in Güneydoğu Anadolu sorununa alternatif çözüm programı
_byerel yönetimlerin görevleri
_cCelal Toprakoğlu
246 _ayerel yönetimlerin görevleri
260 _aİstanbul
_bDemos Yayınları
_c1994
300 _a80 s.
_c17 sm.
650 _aYerel yönetimler
_xÇok kültürlülük
650 _aTerör sorunu
_xÇözüm önerileri
_zTürkiye
650 _aTerörizm
_xGüneydoğu, Türkiye
651 _aGüneydoğu Anadolu Bölgesi
_xSorunlar ve çözüm önerileri
651 _aTürkiye
_xToprak reformu
942 _2dcc
_cBKS
999 _c8116
_d8116